| 000 | 00480nam a2200193Ia 4500 | ||
|---|---|---|---|
| 003 | GCL | ||
| 008 | 140319s9999 xx 000 0 eng d | ||
| 040 |
_aGCL / _cGCL |
||
| 082 | 0 | 4 |
_aCH _b823.087 _bP T |
| 100 | 1 | _aPATIENCE, JOHN | |
| 245 | 1 | 0 |
_aGRANY BOUNCER'S RESCUE / _cPATIENCE, JOHN |
| 260 |
_a[S.N] : _bPETER HODDOCK PUBLISHING |
||
| 300 | _a21 PP | ||
| 650 | 0 | 4 | _aENGLISH LITERATURE |
| 650 | 0 | 4 | _aLITERATURE |
| 650 | 0 | 4 | _aCHILDREN |
| 650 | 0 | 4 | _aTALES |
| 942 |
_2ddc _cBK |
||
| 999 |
_c18294 _d18294 |
||